书目信息 |
| 题名: |
炼化动设备基础知识与技术问答
|
|
| 作者: | 钱广华 主编 | |
| 分册: | ||
| 出版信息: | 北京 中国石化出版社 2013.06 |
|
| 页数: | 13,198页 | |
| 开本: | 26cm | |
| 丛书名: | 石油化工设备技术问答丛书 | |
| 单 册: | ||
| 中图分类: | TE96-44 | |
| 科图分类: | ||
| 主题词: | 化工设备 , 石油炼制 , 石油炼制--化工设备--基本知识 | |
| 电子资源: | ||
| ISBN: | 978-7-5114-2187-6 | |
| 000 | 01219oam2 2200313 450 | |
| 001 | 0100140518 | |
| 005 | 20141020221249.0 | |
| 010 | @a978-7-5114-2187-6@dCNY39.00 | |
| 100 | @a20130812d2013 em y0chiy50 ea | |
| 101 | 0 | @achi |
| 101 | 11 | @achi |
| 102 | @aCN@b110000 | |
| 105 | @ay z 000yy | |
| 106 | @ar | |
| 200 | 1 | @a炼化动设备基础知识与技术问答@Alian hua dong she bei ji chu zhi shi yu ji shu wen da@9lian hua dong she bei ji chu zhi shi yu ji shu wen da@b专著@f钱广华主编@Fqian guang hua zhu bian |
| 210 | @a北京@c中国石化出版社@d2013.06 | |
| 215 | @a13,198页@d26cm | |
| 225 | 2 | @a石油化工设备技术问答丛书 |
| 330 | @a本书根据炼化企业设备管理的规定、要求和基础知识内容,参考国内外各种文献和技术标准,收集、编制在装置设备管理过程中需要经常查找和参考的各种知识点,通过整理、筛选,将压缩机组、汽轮机、泵、密封、状态监测和故障诊断、检维修等内容,以选择、判断、问答等形式展现在读者面前。 | |
| 461 | 0 | @1001002825103 |
| 540 | @a炼化动设备基础知识与技术问答 | |
| 606 | 0 | @a化工设备 |
| 606 | 0 | @a石油炼制 |
| 606 | 0 | @a石油炼制@x化工设备@x基本知识 |
| 690 | @aTE96-44@v5 | |
| 701 | 0 | @a钱广华@Aqian guang hua@4主编 |
| 801 | @aCN | |
| 901 | @a001 | |
| 905 | @b1103332-4@dTE96-44@eQ192@f3@a241430 | |
| 炼化动设备基础知识与技术问答/钱广华主编.-北京:中国石化出版社,2013.06 |
| 13,198页;26cm.-(石油化工设备技术问答丛书) |
| ISBN 978-7-5114-2187-6:CNY39.00 |
| 本书根据炼化企业设备管理的规定、要求和基础知识内容,参考国内外各种文献和技术标准,收集、编制在装置设备管理过程中需要经常查找和参考的各种知识点,通过整理、筛选,将压缩机组、汽轮机、泵、密封、状态监测和故障诊断、检维修等内容,以选择、判断、问答等形式展现在读者面前。 |
| ● |
| 相关链接 |
|
|
|
正题名:炼化动设备基础知识与技术问答
索取号:TE96-44/Q192
 
预约/预借
| 序号 | 登录号 | 条形码 | 馆藏地/架位号 | 状态 | 备注 |
| 1 | 1103332 | 211033326 | 期刊室512/501自科库 23排1列4层/ [索取号:TE96-44/Q192] | 在馆 | |
| 2 | 1103333 | 211033335 | 自科库501/501自科库 23排1列4层/ [索取号:TE96-44/Q192] | 在馆 | |
| 3 | 1103334 | 211033344 | 自科库501/501自科库 23排1列4层/ [索取号:TE96-44/Q192] | 在馆 |